Giáo trình xã hội học môi trường

Giới thiệu nhập môn xã hội học môi trường. Một số quan điểm lý thuyết trong nghiên cứu xã hội học môi trường. Những chủ đề cơ bản của xã hội học môi trường. Truyền thông môi trường. Môi trường ở Việt Nam trong bối cảnh công nghiẹ...

全面介紹

Đã lưu trong:
書目詳細資料
主要作者: Nguyễn, Tuấn Anh
格式: 圖書
語言:Undetermined
出版: Hà Nội Đại học Quốc gia Hà Nội 2011
主題:
標簽: 添加標簽
沒有標簽, 成為第一個標記此記錄!
Thư viện lưu trữ: Trung tâm Học liệu Trường Đại học Cần Thơ
LEADER 01100nam a2200217Ia 4500
001 CTU_237427
008 210402s9999 xx 000 0 und d
082 |a 301 
082 |b A107 
100 |a Nguyễn, Tuấn Anh 
245 0 |a Giáo trình xã hội học môi trường 
245 0 |c Nguyễn Tuấn Anh 
260 |a Hà Nội 
260 |b Đại học Quốc gia Hà Nội 
260 |c 2011 
520 |a Giới thiệu nhập môn xã hội học môi trường. Một số quan điểm lý thuyết trong nghiên cứu xã hội học môi trường. Những chủ đề cơ bản của xã hội học môi trường. Truyền thông môi trường. Môi trường ở Việt Nam trong bối cảnh công nghiệp hoá, hiện đại hoá và những vấn đề đặt ra 
526 |a Xã hội học môi trường 
526 |b XN369 
650 |a Xã hội học,Sociology,Sociology 
910 |b dqhieu 
980 |a Trung tâm Học liệu Trường Đại học Cần Thơ